| 000 | 00583nam a22001577a 4500 | ||
|---|---|---|---|
| 008 | 160421b xxu||||| |||| 00| 0 eng d | ||
| 020 | _a9789710459216 | ||
| 082 |
_22008 _aDFil 320.959907 _bR11g |
||
| 100 |
_96185 _aRabbon, Calixto R. |
||
| 245 |
_aGovernment and politics: _bspecial textbook for criminology students/ _cCalixto R. Rabbon in cooperation with Mario A. Garcia. |
||
| 260 |
_aQuezon City: _bWiseman's Books Trading, _cc2008. |
||
| 300 |
_axii, 223 pages; _c23 cm. |
||
| 650 | 0 |
_96186 _aPolitical science |
|
| 700 |
_96187 _aGarcia, Mario A. _eAuthor |
||
| 942 |
_2ddc _cBK |
||
| 999 |
_c1935 _d1935 |
||